header

The Congressional Black Caucus, minority voting rights, and the U.S. Supreme Court (Record no. 209449)

MARC details
000 -LEADER
fixed length control field 01415nam a2200349Ia 4500
082 04 - DEWEY DECIMAL CLASSIFICATION NUMBER
Classification number 324.6/208996073
100 1# - MAIN ENTRY--AUTHOR NAME
Personal name Rivers, Christina R.
245 14 - TITLE STATEMENT
Title The Congressional Black Caucus, minority voting rights, and the U.S. Supreme Court
260 ## - PUBLICATION, DISTRIBUTION, ETC. (IMPRINT)
Place of publication Ann Arbor :
Name of publisher University of Michigan Press,
Year of publication c2012.
300 ## - PHYSICAL DESCRIPTION
Number of Pages xiv, 213 p. :
Other physical details maps.
650 #0 - SUBJECT ADDED ENTRY--TOPICAL TERM
Topical Term African Americans
Topical Term Minorities
856 40 - ELECTRONIC LOCATION AND ACCESS
Uniform Resource Identifier http://site.ebrary.com/lib/rucke/Doc?id=10590384

No items available.

© 2026 Rongo University
Contact us: librarian | system librarian | Rongo university